000
00198nam a2200097Ia 4500
008
230605s9999 xx 000 0 und d
041
_a
eng
100
_a
Yoshil
245
_a
Sushil
650
_a
F. P.
999
_c
417522
_d
417522